000
00282nam a2200109Ia 4500
008
200302s9999 xx 000 0 und d
100
_a
Yan Li and Shuxia Ren and Other
245
_a
Building Decorative Materials
260
_b
Woodhead Publishing Ltd.
260
_c
2011
300
_a
401
999
_c
3723
_d
3723